Jornadas de dereito civil

Збережено в:
Бібліографічні деталі
Співавтор: Organizacao Ministro Ruy Rosado de Aguiar (Автор)
Формат: Книга
Мова:Португальська
Опубліковано: Brasilia Centro de Estudios Jurídicos 2007
Предмети:
Теги: Додати тег
Немає тегів, Будьте першим, хто поставить тег для цього запису!

MARC

LEADER 00000nam a2200000 a 4500
001 UCI2920
003 CL-VaPUC
008 070928e20070000BL |||||||||||||||||por|d
020 |a 9788585572846 
082 0 4 |a 346  |b ORG  |2 21 
110 2 |a Organizacao Ministro Ruy Rosado de Aguiar  |e author  |9 524175 
245 1 0 |a Jornadas de dereito civil 
300 |a 137 p 
942 |c BK 
945 |d 20070928 00:00:00  |a jtorresc 
260 |a Brasilia  |b Centro de Estudios Jurídicos  |c 2007 
650 0 |a Código civil  |9 256135 
650 7 |a RESPONSABILIDAD CIVIL  |2 CL-VaPUC  |9 524176 
650 0 |a Derecho de familia  |9 255603 
583 |a last modification  |c 20070928 00:00:00  |k Rodrigo Vera 
999 |c 327330  |d 327328 
952 |0 0  |1 0  |4 0  |6 346_000000000000000_ORG_2007  |7 0  |8 A  |9 410032  |a BIBDER  |b BIBDER  |d 2019-11-22  |i 4374843  |o 346 ORG 2007  |p 4374843  |r 2023-01-25  |w 2019-11-22  |y BK  |k DER